[Event "MCRE_PF07"]
[Site "?"]
[Date "2002.??.??"]
[Round "?"]
[White "Firla, Stanislav"]
[Black "Ksir, Bohumil"]
[Result "1-0"]
[WhiteElo "2260"]
[BlackElo "2165"]
[PlyCount "97"]
[EventDate "2002.??.??"]
[EventType "corr"]
[EventRounds "2"]

1. d4 Nf6 2. c4 g6 3. Nc3 d5 4. cxd5 Nxd5 5. e4 Nxc3 6. bxc3 Bg7 7. Nf3 c5 8.
Rb1 O-O 9. Be3 cxd4 10. cxd4 Qa5+ 11. Qd2 Qxd2+ 12. Kxd2 Rd8 13. Bd3 Nc6 14. d5
Na5 15. Bg5 f6 16. Bf4 b6 17. Ke2 Bg4 18. Rhc1 e6 19. Bc7 exd5 20. Bxd8 dxe4
21. Bxe4 Rxd8 22. Bd3 Bh6 23. Rc2 Bxf3+ 24. gxf3 Bf4 25. h3 Kg7 26. Rb4 Bb8 27.
Re4 Kf8 28. Bb5 Nb7 29. Rd2 Rxd2+ 30. Kxd2 Be5 31. f4 Nd6 32. Rb4 Ba1 33. Kd3
f5 34. Bc6 Ke7 35. Rb1 Bf6 36. Re1+ Kf8 37. a4 Be7 38. f3 a6 39. Rb1 Bd8 40.
Kd4 Bc7 41. Kd5 Nf7 42. Ke6 a5 43. h4 Bxf4 44. Rxb6 Nd8+ 45. Kd7 Nxc6 46. Kxc6
h6 47. Kb5 Kf7 48. Rb7+ Kf6 49. Kxa5 1-0